Lempira, defensor de la autonomía nacional /
Αποθηκεύτηκε σε:
| Κύριος συγγραφέας: | |
|---|---|
| Μορφή: | Άγνωστο |
| Γλώσσα: | Spanish |
| Έκδοση: |
Tegucialpa, Honduras :
Secretaría de Cultura y Turismo de la República de Honduras,
1983.
|
| Θέματα: | |
| Ετικέτες: |
Προσθήκη ετικέτας
Δεν υπάρχουν, Καταχωρήστε ετικέτα πρώτοι!
|
MARC
| LEADER | 000000000a22000000004500 | ||
|---|---|---|---|
| 001 | 001908 | ||
| 041 | 0 | |a spa | |
| 082 | 0 | 4 | |a 972.82 |b C118L |
| 100 | 1 | |a Cáceres Lara, Víctor, |d 1915-1933 | |
| 245 | 1 | 0 | |a Lempira, defensor de la autonomía nacional / |c Víctor Cáceres Lara. |
| 260 | 1 | |a Tegucialpa, Honduras : |b Secretaría de Cultura y Turismo de la República de Honduras, |c 1983. | |
| 300 | |a 12 páginas | ||
| 500 | |a Título tomado de la cubierta | ||
| 650 | 4 | |a HONDURAS | |
| 650 | 4 | |a HISTORIA | |
| 650 | 4 | |a LEMPIRA, HEROE NACIONAL | |
| 999 | |c 8554 |d 8554 | ||
| 942 | |c BK |h 972.82 C118L |2 z | ||
